| 000 | 00551nam a2200181 i 4500 | ||
|---|---|---|---|
| 001 | 148366 | ||
| 003 | ES-MaACL | ||
| 005 | 20230906202602.0 | ||
| 007 | t| | ||
| 008 | 070214s1961 sp r ||||1| spa d | ||
| 100 | 1 |
_aStefano, Mario. _9107997 |
|
| 245 | 1 | 0 |
_aCortesanas célebres / _cMario Stefano ; traducción y prólogo de Ramón Cortés Más. |
| 260 |
_aBarcelona : _bZeus, _c1961. |
||
| 300 |
_a286 p., 15 lám. ; _c18 cm. |
||
| 650 | 4 |
_aCortesanas. _9150740 |
|
| 700 | 1 |
_aCortés Más, Ramón. _940892 |
|
| 852 |
_aES-MaACL _jC-21709 _bR.50083 |
||
| 999 |
_c148366 _d148366 |
||